000 00741nam a2200241Ia 4500
003 OSt
005 20220923222247.0
006 a|||||r|||| 00| 0
007 ta
008 220922b |||||||| |||| 00| 0 hin d
024 _a204,074
037 _cTextual
040 _aARTS
_cARTS
_bhin
041 _2hin
_ahin
082 _aO156,3M87,PP, 152J9
100 _aमुंशी, कन्हैयालाल
_9156365
245 0 _aपाटण की प्रभुता
246 _aPāṭaṇ kī prabhutā
260 _c1959
650 _aगुजराती साहित्य
942 _hO156,3M87,PP, 152J9
_cTEXL
_2CC
999 _c354823
_d354823